[Event "Oberliga Sued W 1819"]
[Site "Germany"]
[Date "2018.11.11"]
[Round "2.4"]
[White "Hell, Manfred"]
[Black "Braun, Peter"]
[Result "1/2-1/2"]
[WhiteElo "2147"]
[BlackElo "2234"]
[PlyCount "93"]
[EventDate "2018.10.21"]
[EventType "team-tourn"]
[EventRounds "9"]
[EventCountry "GER"]
[SourceTitle "EXT 2020"]
[Source "ChessBase"]
[SourceDate "2019.10.17"]
[SourceVersion "1"]
[SourceVersionDate "2019.10.17"]
[SourceQuality "1"]
[WhiteTeam "Winterbach Turm"]
[BlackTeam "Frankenthal"]
[WhiteTeamCountry "GER"]
[BlackTeamCountry "GER"]

1. d4 Nf6 2. Nf3 e6 3. c4 b6 4. Nc3 Bb7 5. Qc2 Bb4 6. Bg5 h6 7. Bh4 0-0 8. 0-0-0 Bxc3 9. Qxc3 d6 10. g4 Nbd7 11. Bg2 Qc8 12. Rdg1 c5 13. g5 Ne4 14. Qc2 h5 15. g6 f5 16. e3 Ndf6 17. Ng5 cxd4 18. exd4 Nxg5 19. Bxg5 Bxg2 20. Rxg2 Qc6 21. Rgg1 Qf3 22. Qb3 Qxb3 23. axb3 Ne4 24. Bh4 Rac8 25. f3 Nf6 26. Re1 Rfe8 27. Kd2 Nd7 28. Rhg1 e5 29. d5 e4 30. fxe4 Ne5 31. Rgf1 fxe4 32. Rxe4 Nf3+ 33. Rxf3 Rxe4 34. Bg3 Rd8 35. Re3 Rxe3 36. Kxe3 Kf8 37. Kf4 Ke8 38. Kg5 Kd7 39. Kxh5 Rf8 40. Be1 Ke7 41. h4 Rf1 42. Bc3 Kf8 43. Kg5 Rf2 44. h5 Rf1 45. Bd4 Rd1 46. Bc3 Rf1 47. Kg4 1/2-1/2

[Event "Staufer op 29th"]
[Site "Schwaebisch Gmuend"]
[Date "2017.01.05"]
[Round "7"]
[White "Braun, Peter"]
[Black "Bauer, Eckart"]
[Result "1-0"]
[WhiteElo "2240"]
[BlackElo "2141"]
[PlyCount "97"]
[EventDate "2017.01.02"]
[EventType "swiss"]
[EventRounds "9"]
[EventCountry "GER"]
[SourceTitle "CBM 176 Extra"]
[Source "ChessBase"]
[SourceDate "2017.03.02"]
[SourceVersion "1"]
[SourceVersionDate "2017.03.02"]
[SourceQuality "1"]

1. d4 f5 2. g3 Nf6 3. Bg2 d5 4. Nf3 e6 5. 0-0 c6 6. c4 Be7 7. b3 0-0 8. Bb2 Ne4 9. Ne5 Nd7 10. Nd3 Rf6 11. Nd2 Rh6 12. Nf3 g5 13. Nfe5 Qe8 14. e3 Ndf6 15. h3 Bd7 16. c5 Kh8 17. b4 Qg8 18. a4 Be8 19. Ra3 Bd8 20. Rb3 Qg7 21. Ba3 a6 22. Qe1 g4 23. h4 Nh5 24. Nf4 Nhxg3 25. fxg3 Nxg3 26. Qxg3 Bxh4 27. Nxe6 Bxg3 28. Nxg7 Bh2+ 29. Kf2 Kxg7 30. Bc1 Bxe5 31. dxe5 Re6 32. Kg3 Kg6 33. Kf4 Bf7 34. Rb1 h5 35. Rh1 Rh8 36. Rh4 Re7 37. Bd2 Rd8 38. Bc3 Be6 39. Bd4 Ra8 40. Bf1 Rh7 41. Bd3 Rf7 42. Rbh1 Rh7 43. Bc3 Rh6 44. Be1 Rh7 45. Bf2 Ra7 46. Rb1 Rh8 47. Bc2 Rf8 48. Rbh1 Rh8 49. Rxg4+ 1-0

[Event "Staufer op-A 28th"]
[Site "Schwaebisch Gmuend"]
[Date "2016.01.06"]
[Round "9"]
[White "Braun, Peter"]
[Black "Schlotterbeck, Peter"]
[Result "1-0"]
[WhiteElo "2224"]
[BlackElo "2126"]
[PlyCount "41"]
[EventDate "2016.01.02"]
[EventType "swiss"]
[EventRounds "9"]
[EventCountry "GER"]
[SourceTitle "CBM 170 Extra"]
[Source "ChessBase"]
[SourceDate "2016.02.25"]
[SourceVersion "1"]
[SourceVersionDate "2016.02.25"]
[SourceQuality "1"]

1. d4 Nf6 2. Nf3 d5 3. c4 c6 4. Nc3 e6 5. e3 Bd6 6. Bd3 Nbd7 7. 0-0 0-0 8. e4 dxe4 9. Nxe4 Nxe4 10. Bxe4 f5 11. Bc2 e5 12. Bg5 Qa5 13. dxe5 Bxe5 14. Nxe5 Qxe5 15. Re1 Qxb2 16. Rb1 Qxa2 17. Bb3 Qa5 18. c5+ Kh8 19. Be7 Re8 20. Bf7 Rxe7 21. Rxe7 1-0

[Event "Staufer op-A 27th"]
[Site "Schwaebisch Gmuend"]
[Date "2015.01.06"]
[Round "9"]
[White "Hoeglauer, Patrick"]
[Black "Braun, Peter"]
[Result "1/2-1/2"]
[WhiteElo "1992"]
[BlackElo "2245"]
[PlyCount "42"]
[EventDate "2015.01.02"]
[EventType "swiss"]
[EventRounds "9"]
[EventCountry "GER"]
[SourceTitle "CBM 164 Extra"]
[Source "ChessBase"]
[SourceDate "2015.03.02"]
[SourceVersion "1"]
[SourceVersionDate "2015.03.02"]
[SourceQuality "1"]

1. d4 Nf6 2. c4 e6 3. Nf3 b6 4. a3 Bb7 5. Nc3 d5 6. cxd5 Nxd5 7. Qc2 Nxc3 8. bxc3 c5 9. e4 Nd7 10. Bd3 Qc7 11. e5 cxd4 12. cxd4 Qxc2 13. Bxc2 Rc8 14. Bd3 Be7 15. Bd2 Nb8 16. Ke2 h6 17. a4 Nc6 18. Rhb1 0-0 19. a5 Bd8 20. a6 Ba8 21. Rc1 Be7 1/2-1/2

[Event "Staufer op-A 27th"]
[Site "Schwaebisch Gmuend"]
[Date "2015.01.05"]
[Round "8"]
[White "Braun, Peter"]
[Black "Maj, Kornel"]
[Result "1/2-1/2"]
[WhiteElo "2245"]
[BlackElo "2050"]
[PlyCount "52"]
[EventDate "2015.01.02"]
[EventType "swiss"]
[EventRounds "9"]
[EventCountry "GER"]
[SourceTitle "CBM 164 Extra"]
[Source "ChessBase"]
[SourceDate "2015.03.02"]
[SourceVersion "1"]
[SourceVersionDate "2015.03.02"]
[SourceQuality "1"]

1. d4 Nf6 2. Nf3 g6 3. c4 Bg7 4. g3 0-0 5. Bg2 d5 6. cxd5 Nxd5 7. 0-0 c6 8. e4 Nb6 9. h3 N8d7 10. Nc3 e5 11. Bg5 Qe8 12. d5 h6 13. Bc1 c5 14. b3 Rb8 15. a4 Nf6 16. Be3 Nbd7 17. Nd2 b6 18. Re1 a6 19. Bf1 Qe7 20. Nc4 Rd8 21. Kh2 Kh7 22. Bd3 Ne8 23. Qe2 Ra8 24. Nd1 Rb8 25. Nc3 Ra8 26. Nd1 Rb8 1/2-1/2

[Event "Staufer op-A 27th"]
[Site "Schwaebisch Gmuend"]
[Date "2015.01.02"]
[Round "2"]
[White "Braun, Peter"]
[Black "Stark, Lars"]
[Result "1-0"]
[WhiteElo "2245"]
[BlackElo "2454"]
[PlyCount "69"]
[EventDate "2015.01.02"]
[EventType "swiss"]
[EventRounds "9"]
[EventCountry "GER"]
[SourceTitle "CBM 164 Extra"]
[Source "ChessBase"]
[SourceDate "2015.03.02"]
[SourceVersion "1"]
[SourceVersionDate "2015.03.02"]
[SourceQuality "1"]

1. d4 e6 2. Nf3 Nf6 3. c4 b6 4. a3 c5 5. d5 exd5 6. cxd5 Ba6 7. Nc3 d6 8. g3 g6 9. Bg2 Bg7 10. 0-0 0-0 11. Re1 Re8 12. h3 b5 13. Nd2 Qb6 14. Nde4 Nbd7 15. Nxf6+ Nxf6 16. e4 Bb7 17. Be3 Nd7 18. Qd2 Ne5 19. b3 Qa5 20. Rec1 a6 21. f4 Nd7 22. Ra2 f5 23. e5 dxe5 24. d6 Bxg2 25. Kxg2 exf4 26. gxf4 Kh8 27. b4 Qb6 28. Kh2 Re6 29. bxc5 Nxc5 30. Nd5 Qxd6 31. Bxc5 Qd8 32. Bd4 Rd6 33. Bxg7+ Kxg7 34. Qd4+ Kg8 35. Rd2 1-0

[Event "Staufer op 25th"]
[Site "Schwaebisch Gmuend"]
[Date "2013.01.04"]
[Round "5"]
[White "Ott, Florian"]
[Black "Braun, Peter"]
[Result "1/2-1/2"]
[WhiteElo "2032"]
[BlackElo "2236"]
[PlyCount "39"]
[EventDate "2013.01.02"]
[EventType "swiss"]
[EventRounds "9"]
[EventCountry "GER"]
[SourceTitle "CBM 152 Extra"]
[Source "ChessBase"]
[SourceDate "2013.02.25"]
[SourceVersion "1"]
[SourceVersionDate "2013.02.25"]
[SourceQuality "1"]

1. d4 Nf6 2. c4 e6 3. g3 d5 4. Nf3 Bb4+ 5. Bd2 Be7 6. Bg2 c6 7. 0-0 0-0 8. Qc2 b6 9. Rd1 Bb7 10. Bf4 Na6 11. Nc3 dxc4 12. Ne5 Nd5 13. Nxc4 Nxf4 14. gxf4 Nb4 15. Qb3 Nd5 16. e3 Rc8 17. Ne5 f5 18. Rac1 Bd6 19. Nxd5 cxd5 20. Qb5 1/2-1/2

[Event "Oberliga Sued W 1213"]
[Site "Germany"]
[Date "2012.11.25"]
[Round "3.3"]
[White "Spengler, Hanno"]
[Black "Braun, Peter"]
[Result "1/2-1/2"]
[WhiteElo "2049"]
[BlackElo "2184"]
[PlyCount "83"]
[EventDate "2012.10.21"]
[EventType "team-tourn"]
[EventRounds "9"]
[EventCountry "GER"]
[SourceTitle "EXT 2019"]
[Source "ChessBase"]
[SourceDate "2018.10.10"]
[SourceVersion "1"]
[SourceVersionDate "2018.10.10"]
[SourceQuality "1"]
[WhiteTeam "Winterbach Turm"]
[BlackTeam "Frankenthal"]
[WhiteTeamCountry "GER"]
[BlackTeamCountry "GER"]

1. e4 c5 2. Nf3 e6 3. d4 cxd4 4. Nxd4 a6 5. Be3 Nf6 6. Nd2 Qc7 7. c3 d5 8. Bd3 Nbd7 9. N4b3 Ne5 10. Bc2 Bd7 11. Bg5 Be7 12. Bxf6 Bxf6 13. 0-0 h5 14. Re1 0-0-0 15. exd5 Ng4 16. Nf3 Bb5 17. Be4 Bc4 18. h3 Bxd5 19. Bxd5 Rxd5 20. Qe2 Ne5 21. Nxe5 Rxe5 22. Qf3 Rf5 23. Qe3 Kb8 24. Rad1 Rd8 25. Qe2 Bh4 26. Rf1 g6 27. Nd4 Rfd5 28. Nf3 Bf6 29. Rxd5 Rxd5 30. Nd2 Qf4 31. Nc4 Bd8 32. g3 Qc7 33. Ne3 Rd7 34. Rd1 Be7 35. Rxd7 Qxd7 36. Qf3 Bc5 37. Qe4 Ka7 38. b4 Bb6 39. Nc4 Bc7 40. Kg2 Kb8 41. Ne5 Bxe5 42. Qxe5+ 1/2-1/2

[Event "Oberliga Sued W 1213"]
[Site "Germany"]
[Date "2012.10.21"]
[Round "1.2"]
[White "Braun, Peter"]
[Black "Frischmann, Rick"]
[Result "0-1"]
[WhiteElo "2184"]
[BlackElo "2239"]
[PlyCount "88"]
[EventDate "2012.10.21"]
[EventType "team-tourn"]
[EventRounds "9"]
[EventCountry "GER"]
[SourceTitle "EXT 2019"]
[Source "ChessBase"]
[SourceDate "2018.10.10"]
[SourceVersion "1"]
[SourceVersionDate "2018.10.10"]
[SourceQuality "1"]
[WhiteTeam "Frankenthal"]
[BlackTeam "Schwarzenbach Caissa"]
[WhiteTeamCountry "GER"]
[BlackTeamCountry "GER"]

1. d4 d5 2. Nf3 Nc6 3. Bf4 Bg4 4. e3 e6 5. c4 Bb4+ 6. Nc3 Nf6 7. Rc1 Qe7 8. h3 Bxf3 9. Qxf3 e5 10. dxe5 Nxe5 11. Bxe5 Qxe5 12. a3 Bxc3+ 13. Rxc3 0-0 14. Be2 Rad8 15. 0-0 Ne4 16. Rc2 dxc4 17. Bxc4 Nd2 18. Qxb7 Nxf1 19. Bxf1 Rd1 20. Qxc7 Qf5 21. Qc4 Rfd8 22. b3 g6 23. e4 Qh5 24. Kh2 Qe5+ 25. g3 R1d4 26. Qc7 Qxe4 27. Bc4 R4d7 28. Re2 Qxe2 29. Qxd8+ Rxd8 30. Bxe2 Rd2 31. Bc4 Rxf2+ 32. Kg1 Ra2 33. a4 Kg7 34. Bd5 f5 35. Bc4 Kf6 36. h4 h6 37. Bd5 Ke5 38. Bf7 g5 39. hxg5 hxg5 40. Bg8 a5 41. Bf7 Rb2 42. Bc4 Ke4 43. Be6 f4 44. gxf4 Kxf4 0-1

[Event "Pfalz op 03rd"]
[Site "Neustadt an der Weinstrasse"]
[Date "2012.02.20"]
[Round "4"]
[White "Braun, Peter"]
[Black "Baier, Philip"]
[Result "1-0"]
[WhiteElo "2203"]
[BlackElo "1961"]
[PlyCount "41"]
[EventDate "2012.02.17"]
[EventType "swiss"]
[EventRounds "9"]
[EventCountry "GER"]
[SourceTitle "EXT 2013"]
[Source "ChessBase"]
[SourceDate "2012.11.22"]
[SourceVersion "1"]
[SourceVersionDate "2012.11.22"]
[SourceQuality "1"]

1. d4 Nf6 2. Nf3 g6 3. c4 d5 4. cxd5 Nxd5 5. e4 Nb6 6. Nc3 Bg7 7. h3 0-0 8. Be2 Be6 9. d5 Bd7 10. Bg5 Qe8 11. Qd2 c6 12. 0-0 cxd5 13. exd5 Na6 14. Rfe1 f6 15. Bf4 Qf7 16. Rad1 Rac8 17. Nd4 Rfd8 18. Qe3 Bf8 19. Ne6 Nxd5 20. Rxd5 Nb4 21. Nxd8 1-0

[Event "Oberliga Sued W 1112"]
[Site "Germany"]
[Date "2011.11.13"]
[Round "3"]
[White "Schuh, Thomas"]
[Black "Braun, Peter"]
[Result "0-1"]
[WhiteElo "2111"]
[BlackElo "2203"]
[PlyCount "88"]
[EventDate "2011.09.25"]
[EventType "team-tourn"]
[EventRounds "9"]
[EventCountry "GER"]
[SourceTitle "EXT 2013"]
[Source "ChessBase"]
[SourceDate "2012.11.22"]
[SourceVersion "1"]
[SourceVersionDate "2012.11.22"]
[SourceQuality "1"]
[WhiteTeam "Illingen"]
[BlackTeam "Frankenthal"]
[WhiteTeamCountry "GER"]
[BlackTeamCountry "GER"]

1. e4 c5 2. Nc3 e6 3. Nf3 a6 4. g3 b5 5. Bg2 Bb7 6. d3 d6 7. 0-0 Nf6 8. Re1 Nbd7 9. Qe2 Be7 10. a4 b4 11. Nd1 0-0 12. Ne3 Re8 13. b3 Qc7 14. Bb2 Bf8 15. Rad1 g6 16. Nc4 Bg7 17. Nxd6 Qxd6 18. e5 Qc6 19. exf6 Nxf6 20. Bxf6 Bxf6 21. Nh4 Qc7 22. Bxb7 Qxb7 23. Qf3 Qe7 24. Ng2 Bd4 25. Ne3 Qc7 26. Nc4 Rad8 27. Kg2 Kg7 28. Re2 Rd5 29. g4 h5 30. h3 Rh8 31. Qg3 Qb7 32. f3 Qe7 33. Rh1 Qf6 34. Re4 hxg4 35. hxg4 Rxh1 36. Kxh1 Rd8 37. Re2 Qg5 38. Kg2 Rh8 39. Re1 Rh7 40. Rf1 Rh8 41. Qe1 Bc3 42. Qd1 f5 43. Rh1 fxg4 44. fxg4 Qd5+ 0-1

[Event "Oberliga Sued W 1112"]
[Site "Germany"]
[Date "2011.09.25"]
[Round "1"]
[White "Wild, Achim"]
[Black "Braun, Peter"]
[Result "0-1"]
[WhiteElo "2069"]
[BlackElo "2203"]
[PlyCount "54"]
[EventDate "2011.09.25"]
[EventType "team-tourn"]
[EventRounds "9"]
[EventCountry "GER"]
[SourceTitle "EXT 2013"]
[Source "ChessBase"]
[SourceDate "2012.11.22"]
[SourceVersion "1"]
[SourceVersionDate "2012.11.22"]
[SourceQuality "1"]
[WhiteTeam "Schwarzenbach"]
[BlackTeam "Frankenthal"]
[WhiteTeamCountry "GER"]
[BlackTeamCountry "GER"]

1. d4 Nf6 2. Nf3 e6 3. e3 b6 4. Bd3 Bb7 5. 0-0 c5 6. c4 Be7 7. Nc3 cxd4 8. exd4 d5 9. Bg5 0-0 10. Qe2 Nc6 11. cxd5 exd5 12. a3 Re8 13. Qc2 h6 14. Bf4 Nh5 15. Be5 Bd6 16. Bb5 Bxe5 17. dxe5 Nxe5 18. Nd4 Re7 19. Nf5 Re6 20. Nd4 Rg6 21. f4 Ng4 22. f5 Qd6 23. g3 Ne3 24. Qf2 Ng4 25. Qc2 Rg5 26. Nf3 Qc5+ 27. Kh1 d4 0-1

[Event "Oberliga Sued W 1011"]
[Site "Germany"]
[Date "2011.04.10"]
[Round "9.4"]
[White "Braun, Peter"]
[Black "Kopp, Bjoern"]
[Result "1-0"]
[WhiteElo "2133"]
[BlackElo "2109"]
[PlyCount "87"]
[EventDate "2010.10.10"]
[EventType "team-tourn"]
[EventRounds "9"]
[EventCountry "GER"]
[SourceTitle "EXT 2012"]
[Source "ChessBase"]
[SourceDate "2011.11.24"]
[SourceVersion "1"]
[SourceVersionDate "2011.11.24"]
[SourceQuality "1"]
[WhiteTeam "Frankenthal"]
[BlackTeam "Landau"]
[WhiteTeamCountry "GER"]
[BlackTeamCountry "GER"]

1. d4 Nf6 2. Nf3 c5 3. d5 d6 4. c4 e5 5. Nc3 Nbd7 6. e4 Be7 7. Bd3 Nf8 8. h3 h5 9. g3 Ng6 10. h4 a6 11. a4 Bd7 12. a5 b5 13. axb6 Qxb6 14. Ra2 Bg4 15. Qa4+ Bd7 16. Qc2 Bd8 17. Bd2 Ne7 18. 0-0 0-0 19. Rfa1 Ng4 20. Nb5 Bxb5 21. Ba5 Ba4 22. Rxa4 Qb7 23. Bc3 Nc8 24. Kg2 Nb6 25. R4a2 Nd7 26. Nd2 Nb8 27. Nb3 Qd7 28. Qe2 g6 29. f3 Nf6 30. Bc2 Ne8 31. Na5 Bxa5 32. Rxa5 Ng7 33. b4 cxb4 34. Bxb4 f5 35. Ba4 Qd8 36. c5 dxc5 37. Rxc5 f4 38. Qf2 g5 39. hxg5 Qxg5 40. Rc7 Rf7 41. Rac1 Ra7 42. Rxa7 Rxa7 43. Rc8+ Kh7 44. Rxb8 1-0

[Event "Oberliga Sued W 1011"]
[Site "Germany"]
[Date "2010.10.24"]
[Round "2.5"]
[White "Biegler, Helmut"]
[Black "Braun, Peter"]
[Result "0-1"]
[WhiteElo "2081"]
[BlackElo "2133"]
[PlyCount "106"]
[EventDate "2010.10.10"]
[EventType "team-tourn"]
[EventRounds "9"]
[EventCountry "GER"]
[SourceTitle "EXT 2012"]
[Source "ChessBase"]
[SourceDate "2011.11.24"]
[SourceVersion "1"]
[SourceVersionDate "2011.11.24"]
[SourceQuality "1"]
[WhiteTeam "Illingen"]
[BlackTeam "Frankenthal"]
[WhiteTeamCountry "GER"]
[BlackTeamCountry "GER"]

1. g3 c5 2. Bg2 d5 3. d3 Nc6 4. Nc3 e6 5. Bd2 Nf6 6. e4 Be7 7. h3 a6 8. f4 Rb8 9. g4 h6 10. e5 Nd7 11. Nf3 b5 12. 0-0 b4 13. Ne2 a5 14. Ng3 Ba6 15. Re1 Qc7 16. h4 c4 17. d4 c3 18. bxc3 bxc3 19. Bc1 Rb4 20. Bf1 Nxd4 21. Bxa6 Nxf3+ 22. Qxf3 Qb6+ 23. Kg2 Qxa6 24. Ba3 Rd4 25. Bxe7 Kxe7 26. Qxc3 Qc4 27. Qa3+ Qc5 28. Qxc5+ Nxc5 29. Kf3 Rc8 30. Rab1 Na4 31. Rb7+ Ke8 32. Re2 Rc3+ 33. Re3 Rxc2 34. f5 Rcc4 35. fxe6 Rf4+ 36. Kg2 fxe6 37. Nh5 Rxg4+ 38. Rg3 Rc2+ 39. Kh3 Rxg3+ 40. Kxg3 Nc5 41. Rxg7 Ne4+ 42. Kf3 Rxa2 43. Ra7 Nc5 44. Nf6+ Kd8 45. h5 a4 46. Ng4 Ra3+ 47. Ke2 Nd3 48. Rf7 Rb3 49. Nxh6 Nxe5 50. Ra7 a3 51. Ng8 Rh3 52. h6 a2 53. Kd2 Rh1 0-1

[Event "Stuttgart-chA int"]
[Site "Ditzingen"]
[Date "2010.05.15"]
[Round "6"]
[White "Braun, Peter"]
[Black "Sieker, Roland"]
[Result "1-0"]
[WhiteElo "2228"]
[BlackElo "2050"]
[PlyCount "129"]
[EventDate "2010.05.13"]
[EventType "swiss"]
[EventRounds "7"]
[EventCountry "GER"]
[SourceTitle "EXT 2018"]
[Source "ChessBase"]
[SourceDate "2017.10.13"]
[SourceVersion "1"]
[SourceVersionDate "2017.10.13"]
[SourceQuality "1"]

1. d4 Nf6 2. Nf3 d6 3. c4 Nbd7 4. Nc3 e5 5. e4 Be7 6. Be2 c6 7. 0-0 0-0 8. Re1 Re8 9. Bf1 Qc7 10. h3 Nf8 11. Be3 h6 12. Rc1 N6h7 13. Qd2 f5 14. exf5 Bxf5 15. Bd3 Bxd3 16. Qxd3 Ne6 17. dxe5 dxe5 18. Qg6 Neg5 19. Nxg5 Bxg5 20. Ne4 Bxe3 21. Rxe3 Rf8 22. Rd1 Nf6 23. Red3 Qf7 24. Nxf6+ Qxf6 25. Qxf6 Rxf6 26. Rd7 b6 27. Re7 Raf8 28. f3 R8f7 29. Rxe5 c5 30. Kf2 Rf4 31. b3 g5 32. Rd6 R4f6 33. Rxf6 Rxf6 34. Re7 a5 35. Ke3 Rd6 36. Rb7 Re6+ 37. Kf2 Rd6 38. a4 h5 39. Kg3 Kf8 40. h4 g4 41. Kf4 Rd4+ 42. Kg5 g3 43. Rxb6 Rd2 44. Kf4 Rxg2 45. Rg6 Rb2 46. Rxg3 Rxb3 47. Ke4 Ra3 48. Kd5 Rxa4 49. Kxc5 Ra1 50. Kb5 a4 51. Rg6 a3 52. Ra6 a2 53. Kc6 Rc1 54. Rxa2 Rxc4+ 55. Kd5 Rxh4 56. Ke5 Rb4 57. f4 Rb5+ 58. Kf6 Rb6+ 59. Kg5 Rb5+ 60. f5 h4 61. Kg6 Rb1 62. Ra8+ Ke7 63. f6+ Ke6 64. Re8+ Kd7 65. f7 1-0

[Event "Stuttgart-chA int"]
[Site "Ditzingen"]
[Date "2010.05.13"]
[Round "1"]
[White "Klaus, Daniel"]
[Black "Braun, Peter"]
[Result "0-1"]
[WhiteElo "1985"]
[BlackElo "2228"]
[PlyCount "90"]
[EventDate "2010.05.13"]
[EventType "swiss"]
[EventRounds "7"]
[EventCountry "GER"]
[SourceTitle "EXT 2018"]
[Source "ChessBase"]
[SourceDate "2017.10.13"]
[SourceVersion "1"]
[SourceVersionDate "2017.10.13"]
[SourceQuality "1"]

1. e4 c5 2. Nf3 Nc6 3. d4 cxd4 4. Nxd4 g6 5. Nc3 Bg7 6. Be3 Nf6 7. Bc4 Qa5 8. 0-0 0-0 9. Bb3 d6 10. h3 Bd7 11. f4 Nxd4 12. Bxd4 Bc6 13. Qd3 Rad8 14. Qe3 Nd7 15. Bxg7 Kxg7 16. Rad1 Qc5 17. Rfe1 Rfe8 18. Kf2 a5 19. Qxc5 Nxc5 20. Bd5 e6 21. Bxc6 bxc6 22. Kf3 d5 23. e5 Rb8 24. b3 Rec8 25. Rd2 Nd7 26. a4 Nc5 27. Rdd1 Rb6 28. Re2 Rb7 29. Ree1 Rcc7 30. Re2 Nd7 31. Ree1 Nb6 32. Re2 Nc8 33. Ree1 Na7 34. Rb1 Rb8 35. Red1 c5 36. g3 h5 37. Ke2 h4 38. g4 c4 39. Kd2 cxb3 40. Rxb3 Rbc8 41. Kd3 Rc4 42. f5 Nc6 43. Re1 Nb4+ 44. Kd2 d4 45. Ne4 Rxc2+ 0-1

[Event "Oberliga Sued W 0910"]
[Site "Germany"]
[Date "2010.02.07"]
[Round "6.4"]
[White "Braun, Peter"]
[Black "Scheiblauer, Heinrich"]
[Result "1-0"]
[WhiteElo "2239"]
[BlackElo "2184"]
[PlyCount "65"]
[EventDate "2009.10.18"]
[EventType "team-tourn"]
[EventRounds "9"]
[EventCountry "GER"]
[SourceTitle "EXT 2011"]
[Source "ChessBase"]
[SourceDate "2010.11.26"]
[SourceVersion "1"]
[SourceVersionDate "2010.11.26"]
[SourceQuality "1"]
[WhiteTeam "Frankenthal"]
[BlackTeam "Mutterstadt"]
[WhiteTeamCountry "GER"]
[BlackTeamCountry "GER"]

1. d4 d5 2. c4 e6 3. Nc3 Nf6 4. cxd5 exd5 5. Bg5 Be7 6. Qc2 0-0 7. e3 c6 8. Bd3 Nbd7 9. Nf3 Re8 10. h3 Nf8 11. Bf4 Bd6 12. Bxd6 Qxd6 13. 0-0-0 b5 14. Kb1 N6d7 15. e4 Nb6 16. e5 Qd8 17. g4 Nc4 18. Ne2 Rb8 19. Ng3 f6 20. Rhe1 Be6 21. Nh5 fxe5 22. Nxe5 Qd6 23. f4 c5 24. Qf2 cxd4 25. Qxd4 Rb7 26. Re2 Rbe7 27. Rde1 Qb6 28. Qxb6 axb6 29. Nc6 Rc7 30. Nd4 Rec8 31. Bxc4 bxc4 32. Nxe6 Nxe6 33. Rxe6 1-0

[Event "Staufer op 22nd"]
[Site "Schwaebisch Gmuend"]
[Date "2010.01.04"]
[Round "7"]
[White "Braun, Peter"]
[Black "Chalus, Karel"]
[Result "1/2-1/2"]
[WhiteElo "2239"]
[BlackElo "2100"]
[PlyCount "42"]
[EventDate "2010.01.02"]
[EventType "swiss"]
[EventRounds "9"]
[EventCountry "GER"]
[SourceTitle "CBM 134 Extra"]
[Source "ChessBase"]
[SourceDate "2010.03.03"]
[SourceVersion "1"]
[SourceVersionDate "2010.03.03"]
[SourceQuality "1"]

1. d4 Nf6 2. Nf3 d6 3. c4 Nbd7 4. Nc3 e5 5. e4 c6 6. Be2 Be7 7. 0-0 0-0 8. Re1 a6 9. Bf1 Re8 10. Bg5 h6 11. Bh4 Nh7 12. Bxe7 Qxe7 13. b4 Ng5 14. dxe5 Nxf3+ 15. Qxf3 dxe5 16. c5 Nf6 17. Na4 Bg4 18. Qe3 Rad8 19. Nb6 Rd4 20. f3 Be6 21. Qc3 Nd7 1/2-1/2

[Event "Stuttgart-ch op"]
[Site "Ditzingen"]
[Date "2009.05.24"]
[Round "7"]
[White "Eisenbeiser, Amadeus"]
[Black "Braun, Peter"]
[Result "1-0"]
[WhiteElo "2406"]
[BlackElo "2254"]
[PlyCount "85"]
[EventDate "2009.05.21"]
[EventType "swiss"]
[EventRounds "7"]
[EventCountry "GER"]
[SourceTitle "CBM 130 Extra"]
[Source "ChessBase"]
[SourceDate "2009.07.02"]
[SourceVersion "2"]
[SourceVersionDate "2009.07.15"]
[SourceQuality "1"]

1. e4 c5 2. Nf3 e6 3. d4 cxd4 4. Nxd4 g6 5. Bd3 Nf6 6. Qe2 d6 7. 0-0 Qc7 8. c4 a6 9. Nc3 Bg7 10. Be3 0-0 11. Rac1 b6 12. Bb1 Bb7 13. f3 Nc6 14. Rfd1 Rfd8 15. Qf2 Nd7 16. Nd5 exd5 17. cxd5 Bxd4 18. Bxd4 Rdc8 19. dxc6 Bxc6 20. Qd2 Qd8 21. Bc3 Qe7 22. Qxd6 Qxd6 23. Rxd6 Nf8 24. Bd3 b5 25. Bf1 Bd7 26. Bd2 Rxc1 27. Bxc1 a5 28. Bh6 Be6 29. Bxb5 Bxa2 30. Ra6 Rxa6 31. Bxa6 Bb3 32. Kf2 Nd7 33. Ke2 f6 34. Be3 Kf7 35. Kd3 Ne5+ 36. Kc3 Be6 37. b3 Ke7 38. Bb6 Nc6 39. Bc4 Bd7 40. Bc5+ Kd8 41. f4 Kc7 42. Bg8 h6 43. Bf8 1-0

[Event "Stuttgart-chA int"]
[Site "Ditzingen"]
[Date "2009.05.22"]
[Round "4"]
[White "Janata, Andreas"]
[Black "Braun, Peter"]
[Result "0-1"]
[WhiteElo "2010"]
[BlackElo "2254"]
[PlyCount "72"]
[EventDate "2009.05.21"]
[EventType "swiss"]
[EventRounds "7"]
[EventCountry "GER"]
[SourceTitle "EXT 2018"]
[Source "ChessBase"]
[SourceDate "2017.10.13"]
[SourceVersion "1"]
[SourceVersionDate "2017.10.13"]
[SourceQuality "1"]

1. d4 Nf6 2. c4 e6 3. Nc3 Bb4 4. Qc2 Nc6 5. Nf3 d6 6. Bd2 Qe7 7. a3 Bxc3 8. Bxc3 e5 9. d5 Nb8 10. e4 0-0 11. Bd3 Nh5 12. 0-0 Nf4 13. Bd2 Bg4 14. Bxf4 exf4 15. Nd4 f3 16. Nxf3 Bxf3 17. gxf3 Nd7 18. Kh1 Qf6 19. Be2 Ne5 20. Qc3 b6 21. Rg1 Rae8 22. b4 Qh4 23. Qe3 f5 24. Qg5 Qxg5 25. Rxg5 fxe4 26. fxe4 Rxf2 27. Bg4 h6 28. Rxe5 Rxe5 29. Be6+ Kh7 30. c5 Rxe4 31. cxd6 cxd6 32. Kg1 Ree2 33. Rc1 Ra2 34. Rc7 Kg6 35. Rxa7 Rg2+ 36. Kf1 Rgb2 0-1